| 000 | 00787nam a22001337a 4500 | ||
|---|---|---|---|
| 040 | _cRUA | ||
| 082 | _aAGR NHE 2010 B044 Or.1 | ||
| 100 | _aNHEAN, SOPHEA. | ||
| 245 | _aThe different types of fertilizer on growth and yield of IR66 variety at royal university of agriculture ប្រភេទជីខុសៗគ្នាលើការលូតលាស់ និងទិន្នផលពូជស្រូវអ៊ីអ៊ែរ៦៦នៅស្ថានីយ៍ពិសោធន៍ដំណាំនៃសាកលវិទ្យាល័យភូមិន្ទកសិកម្ម | ||
| 260 |
_aPhnom Penh _bRUA _c2010 |
||
| 300 |
_axiii; 47p. _bill. _c29cm. |
||
| 856 | _uhttps://drive.google.com/file/d/14uBx4WTm9UoUK8FZCduTEcALnAf-D31Y/view?usp=sharing | ||
| 942 | _cAGR | ||
| 999 |
_c1035 _d1035 |
||